[Event "Sonderjysk EMT Basis 3 2015"]
[Site "Vojens"]
[Date "2015.04.27"]
[Round "1"]
[White "Bruhn, Curt"]
[Black "Iversen, Oliver"]
[Result "0-1"]
[WhiteElo "1171"]
[BlackElo "1248"]
[PlyCount "112"]
[EventDate "2015.??.??"]

1. Nf3 d6 2. e3 Nf6 3. Be2 e5 4. Nc3 Nbd7 5. d3 b6 6. d4 e4 7. Nd2 d5 8. O-O
Be7 9. Nb5 O-O 10. b3 a6 11. Na3 b5 12. c4 c6 13. Nc2 Re8 14. Ba3 Bxa3 15. Nxa3
b4 16. Nc2 a5 17. a3 Rb8 18. Nb1 Nf8 19. Qd2 Qe7 20. c5 Qb7 21. Re1 Ne6 22. Qc1
Nc7 23. Qd1 Na6 24. Nd2 Qd7 25. axb4 Nxb4 26. Nxb4 axb4 27. Ba6 Ra8 28. Bxc8
Rexc8 29. Ra4 Qb7 30. Qc2 Ra6 31. Rea1 Rca8 32. Qb2 Qb5 33. R1a2 Rxa4 34. bxa4
Rxa4 35. Rxa4 Qxa4 36. Qb3 Qxb3 37. Nxb3 Kf8 38. Kf1 Ke7 39. Ke2 Kd7 40. h3 Kc8
41. Kd2 Kb7 42. Na5+ Ka6 43. Nxc6 Kb5 44. Nd8 Kc4 45. Kc2 b3+ 46. Kb2 Ng8 47.
Nxf7 Ne7 48. Nd6+ Kb4 49. Ne8 Nc6 50. Nxg7 Na5 51. g4 Nc4+ 52. Kb1 Kc3 53. c6
Na3+ 54. Kc1 b2+ 55. Kd1 b1=Q+ 56. Ke2 Qd3+ 0-1

[Event "Sonderjysk EMT Basis 3 2015"]
[Site "Vojens"]
[Date "2015.04.28"]
[Round "1"]
[White "Pedersen, Michael"]
[Black "Underbjerg, Niels"]
[Result "1-0"]
[WhiteElo "1162"]
[BlackElo "1229"]
[PlyCount "107"]
[EventDate "2015.??.??"]

1. e4 e5 2. Nf3 Nc6 3. d4 d6 4. d5 Nce7 5. Bb5+ c6 6. dxc6 Nxc6 7. Bc4 Nf6 8.
Ng5 d5 9. exd5 Nd4 10. d6 Be6 11. Nxe6 fxe6 12. c3 Nc6 13. Bxe6 Qxd6 14. Qb3
Nd8 15. Qb5+ Nd7 16. Bxd7+ Qxd7 17. Qxe5+ Ne6 18. O-O O-O-O 19. Qe2 Bc5 20. b4
Bd6 21. Rd1 Rhe8 22. Bd2 Nf4 23. Qc4+ Qc7 24. Qxc7+ Bxc7 25. Na3 Nd3 26. Be3
Be5 27. Bd4 Bxd4 28. Rxd3 Bxf2+ 29. Kxf2 Rxd3 30. Nb5 Kb8 31. a4 a6 32. Nd4
Rxc3 33. b5 Rd8 34. Rd1 Rc4 35. Nc6+ bxc6 36. Rxd8+ Kc7 37. Rg8 Rg4 38. h3 Rf4+
39. Ke3 Rf7 40. Re8 cxb5 41. Re6 Rf6 42. Re7+ Kb6 43. axb5 Rg6 44. bxa6 Kxa6
45. g4 h6 46. Rf7 Re6+ 47. Kf4 Rg6 48. h4 Kb5 49. Kf5 Rd6 50. Rxg7 Rd5+ 51. Kg6
Rd6+ 52. Kh7 Kc4 53. Rg6 Rd4 54. Kxh6 1-0

[Event "Sonderjysk EMT Basis 3 2015"]
[Site "Vojens"]
[Date "2015.05.04"]
[Round "1"]
[White "Sahakian, Gagik"]
[Black "Harbo, Ole"]
[Result "0-1"]
[WhiteElo "1091"]
[BlackElo "1094"]
[PlyCount "100"]
[EventDate "2015.??.??"]

1. d4 d5 2. Nc3 c6 3. Bf4 e6 4. Nf3 Bb4 5. Qd2 Nf6 6. Be5 Ne4 7. Qd3 Bxc3+ 8.
bxc3 Qa5 9. e3 f6 10. Bf4 b6 11. Be2 Ba6 12. Qd1 Nxc3 13. Qd2 Bxe2 14. Ng1 Bc4
15. a4 b5 16. f3 Na6 17. Ra3 b4 18. Ra1 c5 19. Kf2 cxd4 20. Nh3 dxe3+ 21. Qxe3
O-O-O 22. Qxe6+ Rd7 23. Qc6+ Kd8 24. Qa8+ Ke7 25. Qxh8 Kf7 26. Rhe1 Qc5+ 27.
Re3 Re7 28. Rae1 Rxe3 29. Rxe3 Nd1+ 30. Kg3 Nxe3 31. Qd8 Nf5+ 32. Kg4 Nh6+ 33.
Kh5 d4+ 34. Bg5 Ng8 35. f4 h6 36. g4 g6+ 37. Kh4 d3 38. cxd3 Bd5 39. Qd7+ Kf8
40. Qd8+ Kg7 41. Qd7+ Bf7 42. d4 Qc3 43. Qd6 Qe1+ 44. Nf2 Qxf2+ 45. Kh3 Qf3+
46. Kh4 hxg5+ 47. fxg5 fxg5+ 48. Kxg5 Qe3+ 49. Qf4 Qxf4+ 50. Kxf4 b3 0-1

[Event "Sonderjysk EMT Basis 3 2015"]
[Site "Vojens"]
[Date "2015.05.04"]
[Round "2"]
[White "Harbo, Ole"]
[Black "Pedersen, Michael"]
[Result "1-0"]
[WhiteElo "1094"]
[BlackElo "1162"]
[PlyCount "127"]
[EventDate "2015.??.??"]

1. d4 Nf6 2. Bf4 b6 3. Nf3 Bb7 4. e3 e6 5. h3 c5 6. c3 Be7 7. Bd3 d5 8. O-O c4
9. Bc2 O-O 10. b3 b5 11. b4 Ne4 12. Nbd2 Nxc3 13. Bxh7+ Kxh7 14. Qc2+ Kg8 15.
Qxc3 f6 16. a3 Bc6 17. Qc2 Kf7 18. e4 Rh8 19. Rae1 Nd7 20. Re3 Nf8 21. Rfe1 a6
22. h4 Ng6 23. Bg3 Qg8 24. e5 f5 25. Ng5+ Bxg5 26. hxg5 f4 27. Rf3 Qh7 28. Kf1
Qh1+ 29. Ke2 Qxg2 30. Bxf4 Qg4 31. Be3+ Ke7 32. Qxg6 Raf8 33. Qxg7+ Ke8 34.
Qg6+ Kd8 35. Qg7 c3 36. Qa7 cxd2 37. Qb8+ Ke7 38. Qd6+ Ke8 39. Qxc6+ Kd8 40.
Kxd2 Rxf3 41. Qa8+ Ke7 42. Qxh8 Qf5 43. Qg7+ Ke8 44. Rc1 Rxf2+ 45. Kc3 Rf3 46.
Re1 Qe4 47. Qg8+ Ke7 48. Kd2 Rf8 49. Qg7+ Rf7 50. Qh6 Qg2+ 51. Re2 Qe4 52. g6
Rf1 53. Bg5+ Ke8 54. Rxe4 dxe4 55. Qh8+ Kd7 56. Qd8+ Kc6 57. Qa8+ Kd7 58. Qxe4
Rf2+ 59. Ke1 Rb2 60. Bc1 Ra2 61. g7 Ra1 62. Kd1 a5 63. Qb7+ Ke8 64. g8=Q# 1-0

[Event "Sonderjysk EMT Basis 3 2015"]
[Site "Vojens"]
[Date "2015.05.04"]
[Round "2"]
[White "Iversen, Oliver"]
[Black "Sahakian, Gagik"]
[Result "1-0"]
[WhiteElo "1248"]
[BlackElo "1091"]
[PlyCount "85"]
[EventDate "2015.??.??"]

1. e4 e5 2. Nf3 Nc6 3. d4 Bd6 4. d5 Nce7 5. c4 Nf6 6. Nc3 c5 7. Nb5 Qb6 8. Bd3
a6 9. Qa4 O-O 10. Bd2 a5 11. h3 h6 12. Be3 Ra6 13. Nd2 Ng6 14. Nxd6 Qxd6 15.
Nb3 b6 16. O-O Qe7 17. Nd2 d6 18. Nb1 Nh5 19. Nc3 Nhf4 20. Qd1 Qg5 21. Bxf4
Nxf4 22. Qf3 Bxh3 23. Qg3 Bg4 24. Rae1 h5 25. Be2 h4 26. Qxg4 Qxg4 27. Bxg4 g5
28. Re3 Ng6 29. g3 Kg7 30. Bf5 Rh8 31. Bxg6 fxg6 32. Nb5 Rd8 33. gxh4 gxh4 34.
Rf3 Rd7 35. Kh2 g5 36. Rg1 Kh6 37. Rf6+ Kh5 38. Rf5 Rg7 39. Nxd6 Raa7 40. Ne8
Rgf7 41. Rgxg5+ Kh6 42. Rh5+ Kg6 43. Rfg5# 1-0

[Event "Sonderjysk EMT Basis 3 2015"]
[Site "Vojens"]
[Date "2015.05.04"]
[Round "2"]
[White "Jorgensen, Arne Juul"]
[Black "Bruhn, Curt"]
[Result "1/2-1/2"]
[WhiteElo "1030"]
[BlackElo "1171"]
[PlyCount "88"]
[EventDate "2015.??.??"]

1. d4 Nf6 2. Nc3 e6 3. Nf3 d5 4. Bf4 Bb4 5. Bd2 Nc6 6. e3 a6 7. a3 Be7 8. Bd3
O-O 9. Ne2 Qd7 10. c4 Na7 11. O-O c6 12. b3 b5 13. c5 Bb7 14. b4 Bd8 15. Ne5
Qe8 16. Qc2 Qe7 17. Ng3 g6 18. e4 Bc7 19. Bg5 Nc8 20. Bh6 Re8 21. Ne2 Bxe5 22.
dxe5 Ng4 23. Bf4 Qc7 24. Qc3 Rf8 25. f3 dxe4 26. Bxe4 Ne7 27. fxg4 Rad8 28. Bg5
Rd7 29. Bxe7 Rxe7 30. Rad1 Bc8 31. Nd4 Bb7 32. Nf3 Bc8 33. Rd2 Rd7 34. Rxd7
Bxd7 35. Rd1 Bc8 36. Rd6 Bb7 37. h3 Kg7 38. h4 h6 39. Nd4 Rc8 40. Qf3 Rd8 41.
Rxd8 Qxd8 42. Qf2 a5 43. Nxc6 Qd1+ 44. Qf1 Qxg4 1/2-1/2

[Event "Sonderjysk EMT Basis 3 2015"]
[Site "Vojens"]
[Date "2015.05.11"]
[Round "3"]
[White "Sahakian, Gagik"]
[Black "Jorgensen, Arne Juul"]
[Result "0-1"]
[WhiteElo "1091"]
[BlackElo "1030"]
[PlyCount "122"]
[EventDate "2015.??.??"]

1. e4 e6 2. d4 d5 3. e5 Nc6 4. c3 b6 5. Bb5 Bd7 6. Nf3 h6 7. Be3 Nge7 8. Na3
Nb8 9. Qd3 Bxb5 10. Nxb5 a6 11. Na3 Nf5 12. Nc2 Nxe3 13. Nxe3 Be7 14. a3 c5 15.
c4 dxc4 16. Nxc4 cxd4 17. Rd1 b5 18. Nd6+ Bxd6 19. exd6 Qxd6 20. Qxd4 Qxd4 21.
Rxd4 O-O 22. O-O Nc6 23. Rd6 Ne7 24. Ne5 Rfd8 25. Rfd1 Rxd6 26. Rxd6 Kf8 27.
Nd7+ Ke8 28. Nc5 Nf5 29. Rb6 Rd8 30. g3 Rd6 31. Rxa6 Rxa6 32. Nxa6 Kd7 33. Kf1
Nd6 34. Ke2 Nc4 35. Kd3 Nxb2+ 36. Kc3 Nd1+ 37. Kb4 Kc6 38. Ka5 Nxf2 39. Nb4+
Kc5 40. Na6+ Kc4 41. Nc7 e5 42. Nxb5 e4 43. Nd6+ Kb3 44. a4 e3 45. Nb5 Kc4 46.
Na3+ Kb3 47. Nb5 Nd3 48. Nd4+ Kc4 49. Ne2 Nb2 50. h3 Kb3 51. Nd4+ Kc4 52. Ne2
Kd3 53. Nf4+ Kd2 54. Ng2 e2 55. Kb5 Nxa4 56. Kxa4 e1=Q 57. Nxe1 Kxe1 58. Kb4
Kf2 59. Kc4 Kxg3 60. Kd5 f5 61. Kd4 f4 0-1

[Event "Sonderjysk EMT Basis 3 2015"]
[Site "Vojens"]
[Date "2015.05.11"]
[Round "3"]
[White "Underbjerg, Niels"]
[Black "Harbo, Ole"]
[Result "0-1"]
[WhiteElo "1229"]
[BlackElo "1094"]
[PlyCount "52"]
[EventDate "2015.??.??"]

1. e4 e5 2. Nf3 d6 3. Bc4 Qf6 4. d4 Bg4 5. Bg5 Bxf3 6. Qxf3 Qxf3 7. gxf3 exd4
8. Nd2 Be7 9. Bf4 a6 10. Nb3 b5 11. Bd3 c5 12. Bf1 Nc6 13. O-O-O O-O-O 14. Re1
c4 15. Bh3+ Kb7 16. Nd2 c3 17. bxc3 dxc3 18. Nb3 h6 19. Re3 b4 20. Rd1 Bg5 21.
Bxg5 hxg5 22. f4 gxf4 23. Red3 Kc7 24. Rg1 g6 25. Rg4 Ne5 26. Rxf4 Nxd3+ 0-1

[Event "Sonderjysk EMT Basis 3 2015"]
[Site "Vojens"]
[Date "2015.05.18"]
[Round "4"]
[White "Iversen, Oliver"]
[Black "Underbjerg, Niels"]
[Result "1/2-1/2"]
[WhiteElo "1248"]
[BlackElo "1229"]
[PlyCount "51"]
[EventDate "2015.??.??"]

1. e4 e5 2. Nf3 Nc6 3. d4 Nxd4 4. Nxd4 exd4 5. Qxd4 Nf6 6. Bd3 Bd6 7. e5 Qe7 8.
Bf4 c5 9. Qc3 Nd5 10. Qd2 Bxe5 11. Bxe5 Qxe5+ 12. Qe2 Qxe2+ 13. Bxe2 Nb4 14.
Na3 O-O 15. O-O d5 16. c3 Nc6 17. Rfe1 a6 18. Bf3 d4 19. Nc4 Be6 20. Ne5 Nxe5
21. Rxe5 dxc3 22. b3 Rad8 23. Rxc5 Rc8 24. Rxc8 Bxc8 25. Rc1 Re8 26. Kf1
1/2-1/2

[Event "Sonderjysk EMT Basis 3 2015"]
[Site "Vojens"]
[Date "2015.05.18"]
[Round "4"]
[White "Jorgensen, Arne Juul"]
[Black "Pedersen, Michael"]
[Result "0-1"]
[WhiteElo "1030"]
[BlackElo "1162"]
[PlyCount "90"]
[EventDate "2015.??.??"]

1. d4 Nf6 2. Bf4 e6 3. Nf3 d5 4. e3 Nc6 5. Bb5 Bd7 6. c3 a6 7. Ba4 b5 8. Bc2
Bd6 9. Bxd6 cxd6 10. Nbd2 O-O 11. b4 Re8 12. O-O e5 13. e4 Bg4 14. dxe5 dxe5
15. Qe1 Rc8 16. Qe3 d4 17. Qd3 dxc3 18. Qxc3 Nd4 19. Qd3 Nxc2 20. Qxd8 Rcxd8
21. Rab1 Nd4 22. Nxd4 Rxd4 23. Rb2 Nxe4 24. Nxe4 Rxe4 25. f3 Bxf3 26. Rxf3 Rd4
27. a3 Red8 28. Rc2 g6 29. Rc6 R4d6 30. Rcc3 f5 31. Rc1 e4 32. Rfc3 Rd1+ 33.
Rxd1 Rxd1+ 34. Kf2 f4 35. Ke2 Rd6 36. Rc8+ Kf7 37. Rc7+ Kg8 38. Rc8+ Kg7 39.
Rc7+ Kh6 40. Re7 e3 41. Rc7 Rd2+ 42. Kf3 g5 43. Rc6+ Kh5 44. Rxa6 Rf2+ 45. Ke4
e2 0-1

[Event "Sonderjysk EMT Basis 3 2015"]
[Site "Vojens"]
[Date "2015.06.01"]
[Round "5"]
[White "Harbo, Ole"]
[Black "Iversen, Oliver"]
[Result "1-0"]
[WhiteElo "1094"]
[BlackElo "1248"]
[PlyCount "33"]
[EventDate "2015.??.??"]

1. Nf3 c5 2. c4 Nc6 3. e3 d6 4. h3 g6 5. Nc3 Bg7 6. d4 cxd4 7. exd4 Qa5 8. a3
Qb6 9. Na4 Qc7 10. Be3 Bd7 11. Rc1 b6 12. b4 Qb7 13. b5 Nd8 14. d5 a6 15. Nxb6
Rb8 16. Nxd7 Qxd7 17. bxa6 1-0

[Event "Sonderjysk EMT Basis 3 2015"]
[Site "Vojens"]
[Date "2015.06.01"]
[Round "5"]
[White "Underbjerg, Niels"]
[Black "Jorgensen, Arne Juul"]
[Result "1/2-1/2"]
[WhiteElo "1229"]
[BlackElo "1030"]
[PlyCount "110"]
[EventDate "2015.??.??"]

1. e4 e6 2. d4 d5 3. e5 c5 4. Nf3 a6 5. Be2 Nc6 6. c3 cxd4 7. cxd4 Bb4+ 8. Nc3
Nge7 9. Bg5 h6 10. Bd2 Nf5 11. a3 Ba5 12. b4 Bb6 13. Bc1 Ncxd4 14. Nxd4 Nxd4
15. Bg4 Nc6 16. Qe2 Bd7 17. O-O Bc7 18. f4 Bb6+ 19. Be3 Nd4 20. Qf2 Qc7 21.
Bxd4 Qxc3 22. Bxc3 Bxf2+ 23. Rxf2 O-O 24. Raf1 Bb5 25. Be2 Bd7 26. Bg4 g6 27.
Bb2 Rac8 28. Rc1 Rc6 29. Rfc2 Rfc8 30. Rxc6 bxc6 31. Be2 Ra8 32. Rc5 Kf8 33. a4
Ke8 34. Ra5 Bc8 35. b5 cxb5 36. axb5 Bb7 37. bxa6 Bc8 38. Bb5+ Kd8 39. Bd4 Kc7
40. Bb6+ Kb8 41. Bc6 Rxa6 42. Rxa6 Bxa6 43. Be8 Kb7 44. Bf2 Bd3 45. Bxf7 Bf5
46. h3 h5 47. Kf1 Kc7 48. Ke2 Kd7 49. g4 hxg4 50. hxg4 Bxg4+ 51. Ke3 Bf5 52.
Kd4 Ke7 53. Bg8 Kf8 54. Bh7 Kg7 55. Bxg6 Kxg6 1/2-1/2

[Event "Sonderjysk EMT Basis 3 2015"]
[Site "Vojens"]
[Date "2015.06.08"]
[Round "6"]
[White "Jorgensen, Arne Juul"]
[Black "Harbo, Ole"]
[Result "0-1"]
[WhiteElo "1030"]
[BlackElo "1094"]
[PlyCount "56"]
[EventDate "2015.??.??"]

1. Nf3 d6 2. d4 Nf6 3. Nc3 h6 4. Bf4 g5 5. Be3 Nbd7 6. h3 Bg7 7. g4 b6 8. Bg2
Rb8 9. Nh2 Bb7 10. Bxb7 Rxb7 11. Bd2 d5 12. f3 c5 13. Be3 O-O 14. f4 gxf4 15.
Bxf4 cxd4 16. Qxd4 e5 17. Bxe5 Nxe5 18. Qxe5 Re7 19. Qf4 d4 20. O-O-O Nd5 21.
Nxd5 Qxd5 22. Rhe1 Qxa2 23. Rd3 Qa1+ 24. Kd2 Qxb2 25. Nf3 Rc8 26. Nxd4 Bxd4 27.
Rc1 Qb4+ 28. c3 Bxc3+ 0-1

[Event "Sonderjysk EMT Basis 3 2015"]
[Site "Vojens"]
[Date "2015.06.08"]
[Round "6"]
[White "Sahakian, Gagik"]
[Black "Pedersen, Michael"]
[Result "1/2-1/2"]
[WhiteElo "1091"]
[BlackElo "1162"]
[PlyCount "89"]
[EventDate "2015.??.??"]

1. d4 d6 2. c4 Nf6 3. Nc3 b6 4. e4 e6 5. Bg5 Be7 6. Nf3 Bb7 7. Bd3 Nbd7 8. O-O
c5 9. d5 e5 10. Nb5 a6 11. Bxf6 gxf6 12. Nc3 Nf8 13. Rb1 Ng6 14. g3 Bc8 15. Nh4
Nxh4 16. gxh4 Rg8+ 17. Kh1 Bg4 18. f3 Bh5 19. Rg1 Rg6 20. Qf1 Qd7 21. Ne2 Rxg1+
22. Kxg1 O-O-O 23. Ng3 Rg8 24. Kh1 Bg6 25. h5 Bxe4 26. Bxe4 Kb7 27. Bxh7 Rg5
28. f4 Rg7 29. Bf5 Qe8 30. h6 Rg8 31. h7 Rh8 32. Re1 b5 33. b3 Bf8 34. Nh5 Qd8
35. Qg2 Bh6 36. Qg3 Re8 37. Qg4 Kb6 38. Qh4 Bxf4 39. Nxf4 exf4 40. Rxe8 Qxe8
41. h8=Q Qe3 42. Qg8 Qf3+ 43. Qg2 Qd1+ 44. Qg1 Qf3+ 45. Qg2 1/2-1/2

[Event "Sonderjysk EMT Basis 3 2015"]
[Site "Vojens"]
[Date "2015.06.11"]
[Round "7"]
[White "Underbjerg, Niels"]
[Black "Sahakian, Gagik"]
[Result "0-1"]
[WhiteElo "1229"]
[BlackElo "1091"]
[PlyCount "78"]
[EventDate "2015.??.??"]

1. e4 e5 2. Nf3 Nc6 3. Bc4 Nf6 4. Nc3 Bb4 5. a3 Bxc3 6. bxc3 Nxe4 7. Qe2 d5 8.
Bb3 Bg4 9. h3 Bh5 10. Qe3 h6 11. Ba4 Bg6 12. Nxe5 Qd6 13. Nxg6 Qxg6 14. O-O O-O
15. Bb3 Rae8 16. Bxd5 Ng5 17. Qd3 Qf6 18. Rb1 Ne5 19. Qg3 c6 20. f4 Nxh3+ 21.
Qxh3 Ng6 22. d3 Qxc3 23. Qg3 Qd4+ 24. Rf2 Qxd5 25. Bb2 Qf5 26. Qf3 f6 27. Bc1
Qc5 28. Kf1 a6 29. f5 Nh4 30. Qg4 Nxf5 31. Rxf5 Qxc2 32. Ra1 Qxd3+ 33. Kg1 Re1+
34. Kh2 Re4 35. Qg3 Qd4 36. Rf4 Rxf4 37. Qxf4 Qxa1 38. Qc4+ Rf7 39. Qd3 Qxc1
0-1